Losowe grupy krajów graniczących na mapie - Statystyki

Ogólne statystyki
  • Ten quiz został rozwiązany 570 razy
  • Średni wynik to 21 z 24
Odpowiedzi na mapie
Odpowiedzi zakodowano w zielono-czerwonej skali na mapie do tego quizu, zgodnie z poniższymi procentami.
 
Statystyki odpowiedzi
Group Name Kraj % Poprawnych
Grupa Afganistan
100%
Grupa Afganistan
100%
Grupa Algieria
100%
Grupa Angola
100%
Grupa Arabia Saudyjska
100%
Grupa Arabia Saudyjska
100%
Grupa Argentyna
100%
Grupa Armenia
100%
Grupa Austria
100%
Grupa Austria
100%
Grupa Bangladesz
100%
Grupa Bhutan
100%
Grupa Brazylia
100%
Grupa Brazylia
100%
Grupa Chile
100%
Grupa Chiny
100%
Grupa Chiny
100%
Grupa Chiny
100%
Grupa Chiny
100%
Grupa Czad
100%
Grupa Czechy
100%
Grupa Egipt
100%
Grupa Egipt
100%
Grupa Ekwador
100%
Grupa Erytrea
100%
Grupa Etiopia
100%
Grupa Finlandia
100%
Grupa Francja
100%
Grupa Gruzja
100%
Grupa Gruzja
100%
Grupa Gujana
100%
Grupa Holandia
100%
Grupa Indie
100%
Grupa Indie
100%
Grupa Indie
100%
Grupa Indonezja
100%
Grupa Iran
100%
Grupa Iran
100%
Grupa Izrael
100%
Grupa Jemen
100%
Grupa Jordania
100%
Grupa Jordania
100%
Grupa Kambodża
100%
Grupa Kanada
100%
Grupa Katar
100%
Grupa Kazachstan
100%
Grupa Kazachstan
100%
Grupa Kazachstan
100%
Grupa Kirgistan
100%
Grupa Kirgistan
100%
Grupa Kirgistan
100%
Grupa Kolumbia
100%
Grupa Korea Północna
100%
Grupa Korea Południowa
100%
Grupa Kostaryka
100%
Grupa Kuwejt
100%
Grupa Laos
100%
Grupa Laos
100%
Grupa Liban
100%
Grupa Libia
100%
Grupa Libia
100%
Grupa Luksemburg
100%
Grupa Luksemburg
100%
Grupa Maroko
100%
Grupa Maroko
100%
Grupa Meksyk
100%
Grupa Mongolia
100%
Grupa Nepal
100%
Grupa Nepal
100%
Grupa Nepal
100%
Grupa Niemcy
100%
Grupa Niemcy
100%
Grupa Niger
100%
Grupa Norwegia
100%
Grupa Oman
100%
Grupa Pakistan
100%
Grupa Pakistan
100%
Grupa Pakistan
100%
Grupa Peru
100%
Grupa Polska
100%
Grupa Polska
100%
Grupa Rosja
100%
Grupa Rosja
100%
Grupa Rosja
100%
Grupa Rosja
100%
Grupa Słowacja
100%
Grupa Słowenia
100%
Grupa Stany Zjednoczone
100%
Grupa Sudan
100%
Grupa Sudan Południowy
100%
Grupa Surinam
100%
Grupa Syria
100%
Grupa Syria
100%
Grupa Szwajcaria
100%
Grupa Szwajcaria
100%
Grupa Szwecja
100%
Grupa Tadżykistan
100%
Grupa Tadżykistan
100%
Grupa Tajlandia
100%
Grupa Tajlandia
100%
Grupa Tunezja
100%
Grupa Turcja
100%
Grupa Turkmenistan
100%
Grupa Turkmenistan
100%
Grupa Turkmenistan
100%
Grupa Urugwaj
100%
Grupa Uzbekistan
100%
Grupa Uzbekistan
100%
Grupa Uzbekistan
100%
Grupa Uzbekistan
100%
Grupa Węgry
100%
Grupa Wenezuela
100%
Grupa Wenezuela
100%
Grupa Wietnam
100%
Grupa Wietnam
100%
Grupa Włochy
100%
Grupa Zjednoczone Emiraty Arabskie
100%
Grupa Białoruś
93%
Grupa Estonia
93%
Grupa Gabon
93%
Grupa Gwinea Równikowa
93%
Grupa Irak
93%
Grupa Kamerun
93%
Grupa Kongo
93%
Grupa Litwa
93%
Grupa Łotwa
93%
Grupa Boliwia
92%
Grupa Honduras
92%
Grupa Nikaragua
92%
Grupa Panama
92%
Grupa Paragwaj
92%
Grupa Tajlandia
92%
Grupa Gwinea
91%
Grupa Gwinea
91%
Grupa Liberia
91%
Grupa Sierra Leone
91%
Grupa Wybrzeże Kości Słoniowej
91%
Grupa Bhutan
90%
Grupa Gwatemala
90%
Grupa Mozambik
90%
Grupa Albania
89%
Grupa Algieria
89%
Grupa Azerbejdżan
89%
Grupa Czad
89%
Grupa Grecja
89%
Grupa Irak
89%
Grupa Iran
89%
Grupa Libia
89%
Grupa Dżibuti
88%
Grupa Gwatemala
88%
Grupa Honduras
88%
Grupa Kolumbia
88%
Grupa Liban
88%
Grupa Wenezuela
88%
Grupa Armenia
86%
Grupa Austria
86%
Grupa Azerbejdżan
86%
Grupa Czad
86%
Grupa Czad
86%
Grupa Czechy
86%
Grupa Demokratyczna Republika Konga
86%
Grupa Kamerun
86%
Grupa Kongo
86%
Grupa Mali
86%
Grupa Mauretania
86%
Grupa Niger
86%
Grupa Nigeria
86%
Grupa Republika Środkowoafrykańska
86%
Grupa Senegal
86%
Grupa Sudan
86%
Grupa Sudan Południowy
86%
Grupa Botswana
83%
Grupa Botswana
83%
Grupa Eswatini
83%
Grupa Irak
83%
Grupa Lesotho
83%
Grupa Malezja
83%
Grupa Namibia
83%
Grupa Republika Południowej Afryki
83%
Grupa Zambia
83%
Grupa Bułgaria
82%
Grupa Gambia
82%
Grupa Gwinea Bissau
82%
Grupa Kosowo
82%
Grupa Macedonia Północna
82%
Grupa Senegal
82%
Grupa Serbia
82%
Grupa Bośnia i Hercegowina
80%
Grupa Bośnia i Hercegowina
80%
Grupa Chorwacja
80%
Grupa Czarnogóra
80%
Grupa Francja
80%
Grupa Hiszpania
80%
Grupa Izrael
80%
Grupa Kosowo
80%
Grupa Portugalia
80%
Grupa Serbia
80%
Grupa Słowenia
80%
Grupa Tanzania
80%
Grupa Węgry
80%
Grupa Zambia
80%
Grupa Bułgaria
78%
Grupa Kuwejt
78%
Grupa Macedonia Północna
78%
Grupa Belize
75%
Grupa Demokratyczna Republika Konga
75%
Grupa Dżibuti
75%
Grupa Etiopia
75%
Grupa Gujana
75%
Grupa Kenia
75%
Grupa Mjanma
75%
Grupa Mołdawia
75%
Grupa Paragwaj
75%
Grupa Rumunia
75%
Grupa Salwador
75%
Grupa Somalia
75%
Grupa Ukraina
75%
Grupa Urugwaj
75%
Grupa Węgry
75%
Grupa Malawi
71%
Grupa Mozambik
71%
Grupa Zambia
71%
Grupa Zimbabwe
71%
Grupa Malawi
70%
Grupa Białoruś
67%
Grupa Jordania
67%
Grupa Liban
67%
Grupa Litwa
67%
Grupa Syria
67%
Grupa Ukraina
67%
Grupa Burundi
63%
Grupa Rwanda
63%
Grupa Surinam
63%
Grupa Uganda
63%
Grupa Angola
57%
Grupa Zambia
57%
Grupa Belguim
38%
Grupa Belguim
33%
Grupa Papau New Guinea
33%
Grupa Belguim
0%
Nie znaleziono quizów pasujących do podanych kryteriów
Rozkład punktacji
Procent ludzi z każdym wynikiem
Percentyl według liczby udzielonych odpowiedzi
Twoja historia wyników
Nie rozwiązałeś tego quizu